| 000 | 00964cam a2200277 a 4500 | ||
|---|---|---|---|
| 001 | 15029145 | ||
| 005 | 20180216073502.0 | ||
| 008 | 071001s2009 njua b 001 0 eng | ||
| 010 | _a 2007038909 | ||
| 020 | _a0131717693 (hbk.) | ||
| 020 | _a9780131717695 (hbk.) | ||
| 035 | _a(OCoLC)ocn173748215 | ||
| 035 |
_a(OCoLC)173748215 _z(OCoLC)144522756 |
||
| 040 |
_aDLC _cDLC _dYDX _dBAKER _dBTCTA _dYDXCP _dDLC |
||
| 041 | _aeng | ||
| 043 | _an-us--- | ||
| 080 | _a342.73 DAN | ||
| 082 | 0 | 0 |
_a342.73 DAN _222 |
| 100 | 1 | _a14 | |
| 101 | _aJUR | ||
| 245 | 1 | 0 |
_aConstitutional values : _cDaniel E. Hall, John P. Feldmeier. |
| 504 | _aIncludes bibliographical references and index. | ||
| 906 |
_a7 _bcbc _corignew _d1 _eecip _f20 _gy-gencatlg |
||
| 942 |
_2ddc _cBK |
||
| 999 |
_c42805 _d42805 |
||